LEADER 01114nam0-2200349---450- 001 990009573000403321 005 20120518144354.0 010 $a978-0-19-956660-0 035 $a000957300 035 $aFED01000957300 035 $a(Aleph)000957300FED01 035 $a000957300 100 $a20120515d2011----km-y0itay50------ba 101 0 $aeng 102 $aGB 105 $a--------001yy 200 1 $a<>Oxford handbook of climate change and society$fJohn S. Dryzek, Richard B. Norgaard, David Schlosberg 210 $aOxford$cOxford university press$d2011 215 $a727 p.$d25 cm 320 $aContiene reference e indice dei nomi (pp. 708-727) 610 0 $aClima$aEffetto serra$aAspetti sociali 676 $a363.73874$v22$zita 700 1$aDryzek,$bJohn S.$0129607 701 1$aNorgaard,$bRichard B.$f<1943- >$0253468 701 1$aSchlosberg,$bDavid$0516493 801 0$aIT$bUNINA$gRICA$2UNIMARC 901 $aBK 912 $a990009573000403321 952 $a363.7 DRY 1$b5656$fBFS 959 $aBFS 996 $aOxford handbook of climate change and society$9846357 997 $aUNINA LEADER 01922oam 2200481M 450 001 9910715547303321 005 20191121064213.5 035 $a(CKB)5470000002512582 035 $a(OCoLC)1065547519 035 $a(OCoLC)995470000002512582 035 $a(EXLCZ)995470000002512582 100 $a20070221d1834 ua 0 101 0 $aeng 135 $aurcn||||||||| 181 $ctxt$2rdacontent 182 $cc$2rdamedia 183 $acr$2rdacarrier 200 10$aKentucky. Memorial of the citizens of Grant County, on the subject of the currency, and in favor of a restoration of the public deposites, and a recharter of the Bank of the United States. April 28, 1834. Read, and laid upon the table 210 1$a[Washington, D.C.] :$c[publisher not identified],$d1834. 215 $a1 online resource (5 pages) 225 1 $aHouse document / 23rd Congress, 1st session. House ;$vno. 369 225 1 $a[United States congressional serial set] ;$v[serial no. 258] 300 $aBatch processed record: Metadata reviewed, not verified. Some fields updated by batch processes. 300 $aFDLP item number not assigned. 606 $aCharters 606 $aBanks and banking 606 $aBank deposits 606 $aNational banks (United States) 606 $aFinance, Public 608 $aLegislative materials.$2lcgft 615 0$aCharters. 615 0$aBanks and banking. 615 0$aBank deposits. 615 0$aNational banks (United States) 615 0$aFinance, Public. 801 0$bWYU 801 1$bWYU 801 2$bOCLCQ 801 2$bOCLCO 906 $aBOOK 912 $a9910715547303321 996 $aKentucky. Memorial of the citizens of Grant County, on the subject of the currency, and in favor of a restoration of the public deposites, and a recharter of the Bank of the United States. April 28, 1834. Read, and laid upon the table$93354530 997 $aUNINA LEADER 00657nam a2200205 i 4500 001 991004350136807536 005 20250409173833.0 008 241113s1990 it er 001 0 ita d 020 $a8875144419 040 $aBibl. Dip.le Aggr. Scienze Giuridiche - Sez. Studi Giuridici$bita$cSocioculturale Scs 041 0 $aita 082 04$a177.3$223 100 1 $aPalazzo, Donato$0109212 245 10$aBugìade /$cDonato Palazzo ; con i disegni di Gigliola Palazzo 260 $aFasano :$bSchena ,$c1990 300 $a189 p. :$bill ;$c21 cm 650 4$aEtica$xRelazioni sociali$vSaggi 912 $a991004350136807536 996 $aBugìade$94286717 997 $aUNISALENTO